00588 2200181 4500001002100000008004100021035002000062245009900082100002400181260007900205300002100284020002200305084001800327082001000345650002300355990001400378990001400392INLIS000000000000795 ind  a0010-0126000089 aKimia SMA/MA Kelas XIcMunasprianto Ramli; Nanda Saridewi; Tiktik Mustika Budhi; Aang Suhendar aRamli, Munasprianto aJakarta :bKementerian Pendidikan,, Kebudayaan, Riset, dan Teknologic2022 a226 hlm.c25 cm. a978-602-427-923-3 a540.7 RAM k-1 a540.7 aPendidikan - Kimia a000001400 a000001401